000 00879nam1a22002171i 4500
001 rc\2642759
005 20260407194448.0
035 _a(NLR Aleph) 006950603
090 _a5243536
_c5243536
100 _a20110606d1932 |||y0rusy50 ca
101 0 _arus
102 _aRU
105 _ay z |||||
200 1 _aНовые книги Государственного медицинского издательства
_fКниготорговое объединение гос. изд-в. Сектор мед. литературы
210 _aМосква
_cизд-во "Сов. книготорговля"
_d1932
215 _d17 см
710 0 2 _aГосударственное издательство медицинской литературы
_3RU\NLR\AUTH\8810128665
_9754303
801 0 _aRU
_bNLR
_gpsbo
801 1 _aRU
_bELAR
_2rusmarc
852 _aNLR
_j33-16/51
942 _cBOOK